Nomeia o país - Statistics

Estatísticas Gerais
  • Esse quiz foi jogado 250 vezes
  • A pontuação média é 12 de 15
Estatísticas das Respostas
Hint Resposta % Correto
Uma das suas muitas praias é Copacabana Brasil
98%
É conhecido como o país das pizzas Itália
98%
Têm um dos melhores jogadores do mundo Portugal
97%
Há muitos cangurus Austrália
96%
Atentado de 2001 Estados Unidos
93%
Têm o melhor champanhe do mundo França
93%
A dança mais conhecida do país é o tango Argentina
92%
Come - se paella Espanha
91%
Bebe - se muita vodka Rússia
90%
A monarca do país é uma mulher Reino unido
87%
Onde nasceu Mozart Austria
74%
É o país do bacalhau Noruega
72%
Uma das cidades mais conhecidas é Santorini Grécia
68%
O feriado principal é o dia de São Patrício Irlanda
67%
É onde fica a terra do Pai Natal Polónia
30%
Nenhum quiz correspondente encontrado
Distribuição das Pontuações
Porcentagem de Pessoas com Cada Pontuação
Percentil de Números Respondidos
Sua Pontuação Histórica
Você não jogou esse quiz